000 00544nam a2200193Ia 4500
005 20250508161045.0
008 008 250505s9999 xx 000 0 eng d
037 _aTextual
040 _aFEDL
_beng
_cFEDL
041 _aeng
_2eng
084 _a526.8, SAN
_qFEDL
100 _aSanthanam R
245 0 _aLatitudes, longitudes and local mean times for 5000 places in India
250 _a3rd
260 _aDelhi, India
_bKalyani Publishers
_c1976
300 _a133p.
942 _cTEXL
_h526.8, SAN
999 _c1368180
_d1368180